Academic writing course
Guardado en:
| Autor principal: | |
|---|---|
| Formato: | Libro |
| Lenguaje: | English |
| Publicado: |
UK.
Nelson
1990
|
| Edición: | new edition |
| Materias: | |
| Etiquetas: |
Agregar Etiqueta
Sin Etiquetas, Sea el primero en etiquetar este registro!
|
| Thư viện lưu trữ: | Trung tâm Học liệu Lê Vũ Hùng, Trường Đại học Đồng Tháp |
|---|
| LEADER | 00679pam a22002298a 4500 | ||
|---|---|---|---|
| 001 | 00025905 | ||
| 005 | 20171026081022.0 | ||
| 008 | 110812s1990 ||||||engsd | ||
| 041 | 0 | # | |a eng |
| 082 | 1 | 4 | |a 428 |b A168D |
| 100 | 0 | # | |a Jordan,R.R |
| 245 | 0 | 0 | |a Academic writing course |c R.R. Jordan |
| 250 | # | # | |a new edition |
| 260 | # | # | |a UK. |b Nelson |c 1990 |
| 300 | # | # | |a 144p. |c 20cm. |
| 653 | # | # | |a tiếng anh |
| 653 | # | # | |a viết |
| 852 | # | # | |b Kho giáo trình |j KGT.0027762, KGT.0027763 |
| 852 | # | # | |b Kho mượn |j KGT.0027762 |
| 852 | # | # | |j KGT.0027763 |j KGT.0027762 |
| 910 | |d 12/08/2011 | ||
| 980 | # | # | |a Trung tâm Học liệu Lê Vũ Hùng, Trường Đại học Đồng Tháp |